تاریخ نگاری / (Record no. 172508)

MARC details
000 -LEADER
fixed length control field 00567nam a22001937a 4500
005 - DATE AND TIME OF LATEST TRANSACTION
control field 20200206124350.0
010 ## - LCCN (DPL NO)
LC control number A-688324
020 ## - INTERNATIONAL STANDARD BOOK NUMBER
Terms of availability 51.00
035 ## - SYSTEM CONTROL NUMBER
System control number A-688324
037 ## - SOURCE OF ACQUISITION
Source of stock number/acquisition BPPD/Pub.
082 ## - DEWEY DECIMAL CLASSIFICATION NUMBER
Classification number 907.2
100 ## - MAIN ENTRY--PERSONAL NAME
Personal name سید جمال الدین
245 ## - TITLE STATEMENT
Title تاریخ نگاری /
Statement of responsibility, etc سید جمال الدین
246 ## - VARYING FORM OF TITLE
Title proper/short title Tareekh-E-Nighari (Urdu) /
Remainder of title by Syed Jamaluddin
260 ## - PUBLICATION, DISTRIBUTION, ETC. (IMPRINT)
Place of publication, distribution, etc New Delhi
Name of publisher, distributor, etc Nayi Awaz
Date of publication, distribution, etc 1994 ء
270 ## - ADDRESS
Address Jamia Nagar
City New Delhi
Postal code 110025
300 h# - PHYSICAL DESCRIPTION
Extent 154p.
Dimensions 21cm(Hb)
942 ## - ADDED ENTRY ELEMENTS (KOHA)
Source of classification or shelving scheme Dewey Decimal Classification
Item type Urdu Bks
Classification part 907.2
Call number suffix ج م ا
Holdings
Withdrawn status Lost status Not for loan Collection code Home library Current library Date acquired Source of acquisition Cost, normal purchase price Full call number Barcode Copy number Cost, replacement price Koha item type
      Non-fiction Central Library Central Library 06/02/2020 BPPD/Ven. 51.00 907.2 ج م ا A-688324 1 51.00 Urdu Bks

© Delhi Public Library
Hit Counter
free hit counter